| 000 | 00505nam a2200193 i 4500 | ||
|---|---|---|---|
| 001 | 18995 | ||
| 003 | ES-MaACL | ||
| 005 | 20230906151954.0 | ||
| 007 | t| | ||
| 008 | 020510s2001 sp ||||1| spa d | ||
| 020 | _a84-01-32894-2 | ||
| 080 | _a821.134.2-31"19" | ||
| 100 | 1 |
_aAsensi, Matilde. _923572 |
|
| 245 | 1 | 3 |
_aEl último Catón / _cMatilde Asensi. |
| 250 | _a1ª ed. | ||
| 260 |
_aBarcelona : _bPlaza & Janés, _c2001. |
||
| 300 |
_a488 p. ; _c24 cm. |
||
| 852 |
_aES-MaACL _jL-25470 _bR.131364 |
||
| 999 |
_c18995 _d18995 |
||